000 00620nam a2200193Ia 4500
005 20250728100519.0
008 008 250516s9999 xx 000 0 hin d
020 _a9789380845067
040 _beng
_cSDCL
041 _ahin
_2hin
084 _aO152,6N07x Q3
100 _aAgrawal
_9422288
245 0 _aHazaripasad Dwrivedi ke Sahitya mai Udatt Tatva
246 _aहजारी प्रसाद द्व्रीवेदी के साहित्य मे उदात्त तत्व
260 _aDelhi:
_bAnang Prakashan,
_c2013.
300 _a287p.
650 _aHindi
942 _cTEXL
_2CC
999 _c1429160
_d1429160